000 00707cam a22002415a 4500
001 L157827
008 130530s2013 xxk f 000 0 eng d
020 _a9781118138533
035 _a(Sirsi) u157827
041 0 _aeng
050 0 4 _a333.332
100 1 _aFishman, Jay
245 0 0 _aStandards of value
_bTheory and applications
250 _a2nd ed
260 _aHoboken
_bWiley
_c2013
520 _aConsiders standards of value focusing on the principles of investment value, fair value and fair market value used in valuation applications.
590 _aKA
651 4 _aUnited States
690 _aValuation
_96273
700 1 _aPratt, Shannon
700 1 _aMorrison, William
942 _n0
999 _c114988
_d114988